| 000 | 00849nam a2200205Ia 4500 | ||
|---|---|---|---|
| 005 | 20140515101836.0 | ||
| 010 | _aB-521070-081 | ||
| 020 |
_a9788131912423 _c125.00 |
||
| 035 | _aB-521070-081 | ||
| 037 |
_adpl _bBlueberry Books/Ven |
||
| 082 |
_a535 _bPHY |
||
| 245 |
_aPhysics: light and colour/ _cedited by Anil Kumar ,Tomar and Pallabi, B.Tomar |
||
| 260 |
_aNew Delhi _bPegasus _c2012 |
||
| 270 |
_a1921/10, Chuna Mandi, Paharganj _bNew Delhi _e110055 |
||
| 300 |
_a31p. _bcol.ill _c23cm(Hb) _apegasus is an imprint of B.Jain Publishers |
||
| 700 | _aTomar, Anil Kumar | ||
| 700 | _aTomar, Pallabi.B | ||
| 942 |
_2ddc _cCH _h535 _mPHY |
||
| 999 |
_c84092 _d84092 |
||